000 00787nam a22001817a 4500
999 _c372023
_d372023
008 201127b ||||| |||| 00| 0 eng d
040 _aDE-2950
_bger
_cDE-2950
_erda
041 _ager
245 _aAnpacken statt abwarten
_bAuszeichnung. Die Stadt hat die Ehrenamtspreise vergeben. Darunter an Lisa Gregor, die sich für Flüchtlinge aus der Ukraine engagiert und stellvertretend für viele geehrte wurde/
_cJanine Reinschmidt und Thomas Gutke
264 _c2022
653 _aFrankfurt (Oder)
653 _aEhrenamtspreise
773 _dFrankfurt (Oder) Märkisches Verlags- und Druckhaus GmbH & Co KG
_tMärkische Oderzeitung
_g33. Jahrgang (2022) Nr. 284 vom 06.12.2022, S. 16: mit Foto
942 _cA